| 000 | 00000nam 2200000za 4500 |
| 001 | 9.816863 |
| 003 | CaOODSP |
| 005 | 20221107142338 |
| 007 | cr ||||||||||| |
| 008 | 160504s1997 onc |o f|0| 0 eng d |
| 020 | |z92-64-15624-0 |
| 040 | |aCaOODSP|beng |
| 043 | |an-cn--- |
| 086 | 1 |aCS89-556/1997E-PDF |
| 245 | 00|aLiteracy skills for knowledge society |h[electronic resource] : |bfurther results from the international adult literacy survey. |
| 260 | |a[Ottawa] : |bHuman Resources Development Canada, |c1997. |
| 300 | |a195 p. : |btables, charts. |
| 500 | |aIssued also in French under title: Littératie et société du savoir : nouveaux résultats de l'Enquête internationale sur les capacités de lecture et d'éctriture des adultes. |
| 500 | |aDigitized edition from print [produced by Statistics Canada]. |
| 692 | 07|2gccst|aLiteracy |
| 710 | 1 |aCanada. |bHuman Resources Development Canada. |
| 775 | 08|tLittératie et société du savoir |w(CaOODSP)9.816867 |
| 856 | 40|qPDF|s38.16 MB|uhttps://publications.gc.ca/collections/collection_2016/statcan/CS89-556-1997-eng.pdf |